000
00203 a2200097 4500
001
29056
100
_a
Thompson W.A
245
_a
Applied probability
260
_a
_b
Rinehart
_c
090
_c
19407
_d
19407
942
_a
NUST-CAE
_c
M
_c
10455
999
_c
264129
_d
264129